000 01363nam2a22002651 4500
001 rc\144561
005 20250612175405.0
010 _a5-02-030372-0
_9360
035 _a(NLR Aleph) 008765126
090 _a7889378
_c7889378
100 _a20030307d1995 |||y0rusy50 ca
101 0 _arus
102 _aRU
105 _aa |||||||||
200 1 _aТомография плазмы
_fВ.В. Пикалов, Т.С. Мельникова
_gОтв. ред. к. ф.-м. н. В.В. Пикалов
_gИн-т теорет. и прикл. механики
_g[Редкол.: ...М.Ф. Жуков (гл. ред.) и др.]
210 _cСиб. изд. фирма РАН
_d1995
_aБ. м.
215 _a221, [7] с.
_cил.
_d23
300 _aРез. на англ. яз.
320 _aБиблиогр.: с. 199-221
461 0 _1001rc\144553
_12001#$aНИЗКОТЕМПЕРАТУРНАЯ плазма$f[Рос. акад. наук. Сиб. отд-ние, Ин-т теплофизики$gРедкол.: ...М.Ф. Жуков и др.]$v[Т.] 13
_97861678
_cНовосибирск
_d1992
_f[Рос. акад. наук. Сиб. отд-ние, Ин-т теплофизики
_nНаука. Сиб. отд-ние
_tНИЗКОТЕМПЕРАТУРНАЯ плазма
_v[Т.] 13
801 0 _aRU
_bNLR
_gpsbo
801 1 _aRU
_bELAR
_2rusmarc
852 _aNLR
_j90-5/6111
942 _cBOOK
980 _aNB